01248 2200373 4500001002100000005001500021035002000036007000300056008004100059020002200100040002200122082001700144084001900161090002300180090002200203100002800225245017400253300004900427650003500476700002800511700002600539700003000565700002600595700002900621700002800650850001200678041000800690264004600698336002100744337003000765338002300795250003400818990002200852INLIS00000000084657520190429085845 a0010-0419001434ta190426s2018 yoia e ind d a978-602-53183-2-0 aYOPDYOGbinderda04223a899.2211 a899.2211 AGN a aDEP 899.2211 AGN a aCB-D.11 2018-19290 aAgnes Wijiyatiepenulis10aAntologi geguritan :bWeling sinangling /cpenulis, Agnes Wijiyati, Agus Suprihono, Akhir lusono, Albertus sartono; editor, Budi Nugroho, Yohanes Siyamta, Joko Budhiarto axvi, 342 halaman :bilustrasi, foto ;c23 cm 4aKesusastraan Jawa--xGeguritan0 aAgus Suprihonoepenulis0 aAkhir lusonoepenulis0 aAlbertus sartonoepenulis0 aBudi Nugrohoepenulis0 aYohanes Siyamtaepenulis0 aJoko Budhiartoepenulis aYOPDYOG0 aind31aYogyakarta :bDinas Kebudayaan DIY,c2018 2rdacontentateks 2rdamediaatanpa perantara 2rdacarrieravolume aCetakan pertama, Oktober 2018 aCB-D.11/2018-1929